Marketing para conseguir beneficio / (Record no. 74564)

MARC details
000 -LEADER
campo de control de longitud fija 00647nam a2200181 i 4500
001 - NÚMERO DE CONTROL
campo de control 74564
003 - IDENTIFICADOR DE NÚMERO DE CONTROL
campo de control ES-MaACL
005 - FECHA Y HORA DE LA ÚLTIMA TRANSACCIÓN
campo de control 20230906172154.0
007 - CAMPO FIJO DE DESCRIPCIÓN FÍSICA--INFORMACIÓN GENERAL
campo de control de longitud fija t|
008 - DATOS DE LONGITUD FIJA--INFORMACIÓN GENERAL
campo de control de longitud fija 040920s1966 sp ||||1| spa d
100 1# - ENTRADA PRINCIPAL--NOMBRE DE PERSONA
Nombre de persona Gould, Douglas P.
9 (RLIN) 59331
245 10 - MENCIÓN DEL TÍTULO
Título Marketing para conseguir beneficio /
Mención de responsabilidad, etc. Douglas P. Gould ; prólogo y supervisión de J. Ignacio Marcos Lecuona ; [traducción de Federico G. de Góncer].
260 ## - PUBLICACIÓN, DISTRIBUCIÓN, ETC.
Lugar de publicación, distribución, etc. Barcelona :
Nombre del editor, distribuidor, etc. Hispano Europea,
Fecha de publicación, distribución, etc. [1966]
300 ## - DESCRIPCIÓN FÍSICA
Extensión VI, 187 p. :
Otras características físicas il. ;
Dimensiones 22 cm.
700 1# - ENTRADA AGREGADA--NOMBRE PERSONAL
Nombre de persona Marcos Lecuona, J. Ignacio.
9 (RLIN) 76533
700 1# - ENTRADA AGREGADA--NOMBRE PERSONAL
Nombre de persona Góncer, Federico G. de.
9 (RLIN) 58227
852 ## - LOCALIZACIÓN
Ubicación ES-MaACL
Número de control de estantería C-29764
Sublocalización o colección R.60247
Holdings
Estatus retirado Estado de pérdida Estado de daño No para préstamo Biblioteca de origen Biblioteca actual Ubicación en estantería Fecha de adquisición Fuente de adquisición Total de préstamos Signatura topográfica completa Código de barras Visto por última vez Precio de reemplazo Tipo de ítem Koha
        Biblioteca del Ateneo de Madrid Biblioteca del Ateneo de Madrid Depósito 2 17/01/2008     C-29764 1078052 23/02/2023 23/02/2023 Libro impreso